000 00616nam a2200229Ia 4500
003 OSt
005 20220924133613.0
006 a|||||r|||| 00| 0
007 ta
008 220923b |||||||| |||| 00| 0 urd d
024 _a267362
037 _cTextual
040 _aARTS
_cARTS
_burd
041 _2urd
_aurd
082 _aO168,1:gw25292, L3.1
100 _aSayed Suleman Hussain
_9206897
245 0 _aLucknow ke chand namwar shora
260 _c1973
650 _aURDU POETRY
942 _hO168,1:gw25292, L3.1
_cTEXL
_2CC
999 _c434400
_d434400